| 000 | 00530cam a2200205 4500 | ||
|---|---|---|---|
| 001 | D3798 | ||
| 008 | 090401t1983 xxu||||| |||| 00| 0 eng d | ||
| 035 | _a(Sirsi) u75025 | ||
| 041 | _aeng | ||
| 050 | _a697 | ||
| 100 | _aFisk, D.J. | ||
| 245 | _aOptimum start controls in modern low-energy buildings | ||
| 260 |
_aGarston, Watford _bBuilding Research Establishment _c1983 |
||
| 300 | _a4p. ill. 30cm | ||
| 350 | _a0 | ||
| 490 |
_aInformation Paper _v3/83 |
||
| 700 | _aSalvidge, A.C. | ||
| 942 | _n0 | ||
| 948 | _c04/03/1997 | ||
| 999 |
_c95951 _d95951 |
||